000 00557 a2200229 4500
001 115384
020 _a0142402001 (pbk.)
020 _a0329394959
020 _a1415567883
041 _apor
090 _aSK [E] TAB
100 _aTaback, Simms.
250 _a. ed.
300 _a[27] p.
697 _aChildren's poetry.
697 _aNursery rhymes
856 _u000029/000029cb.jpeg
040 _aBR-BrIDEA
_cBR-BrIDEA
245 1 0 _aThis is the house that Jack built
_c Simms Taback
260 _aNew York
_bPuffin Books
_c2004
942 _cBK
999 _c115384
_d115384